| 000 | 00588nam a2200181Ia 4500 | ||
|---|---|---|---|
| 008 | 090123s9999 xx 000 0 und d | ||
| 082 | _b24240 | ||
| 100 | _aपोरे सुरेश | ||
| 245 | _aव्हीकी प्रेम अन शॉक | ||
| 250 | _a1 | ||
| 260 |
_bमेहता प्रकाशन _c1994 |
||
| 300 | _a107 | ||
| 600 | _aपोरे सुरेश | ||
| 630 | _aव्हीकी प्रेम अन शॉक | ||
| 700 | _aपोरे सुरेश | ||
| 730 | _aव्हीकी प्रेम अन शॉक | ||
| 942 | _cBOOK | ||
| 999 |
_c62311 _d62311 |
||